000 00427nam a22001697a 4500
005 20180305125244.0
008 160511b xxu||||| |||| 00| 0 eng d
020 _a81-2591607-5
041 _aeng
082 _b1260
_a332.1
100 _aShekhar K.C. Shekhar Lkshmy
_9444
245 _aBanking Theory & Practice
260 _bVikas Publishing house Pvt. Ltd.
_c2001
300 _a599
650 _aManagement
_9241
942 _cBK
999 _c532
_d532